Вазиклассические спектральные серии нелокального уравнения Гросса-Питаевского, сосредоточенные на кривой; Перспективы развития фундаментальных наук; Т. 3 : Математика
| Parent link: | Перспективы развития фундаментальных наук=Prospects of Fundamental Sciences Development: сборник научных трудов XVIII Международной конференции студентов, аспирантов и молодых ученых, г. Томск, 27-30 апреля 2021 г./ Национальный исследовательский Томский политехнический университет (ТПУ) ; под ред. И. А. Курзиной, Г. А. Вороновой.— , 2021 Т. 3 : Математика.— 2021.— [С. 43-45] |
|---|---|
| Hovedforfatter: | |
| Institution som forfatter: | |
| Andre forfattere: | |
| Summary: | Заглавие с экрана The method of constructing spectral series for the nonlocal Gross-Pitaevskii equation is presented. The eigenfunctions concentrated on a curve in phase space and eugenvalues are constructed. The semiclassical quatization condition is obtained for the stationary states. Our approach is based on the WKB-Maslov method and is adopted for the solutions with the complex topology. |
| Sprog: | russisk |
| Udgivet: |
2021
|
| Fag: | |
| Online adgang: | http://earchive.tpu.ru/handle/11683/68328 |
| Format: | MixedMaterials Electronisk Book Chapter |
| KOHA link: | https://koha.lib.tpu.ru/cgi-bin/koha/opac-detail.pl?biblionumber=633371 |
MARC
| LEADER | 00000naa2a2200000 4500 | ||
|---|---|---|---|
| 001 | 633371 | ||
| 005 | 20240408160008.0 | ||
| 035 | |a (RuTPU)RU\TPU\conf\35119 | ||
| 035 | |a RU\TPU\conf\35118 | ||
| 090 | |a 633371 | ||
| 100 | |a 20210816d2021 k y0rusy50 ca | ||
| 101 | 0 | |a rus | |
| 102 | |a RU | ||
| 105 | |a y z 100zy | ||
| 135 | |a drgn ---uucaa | ||
| 181 | 0 | |a i | |
| 182 | 0 | |a b | |
| 200 | 1 | |a Вазиклассические спектральные серии нелокального уравнения Гросса-Питаевского, сосредоточенные на кривой |d Semiclassical spectral series of the nonlocal Gross-Pitaevskii equation concentrated on a curve |f А. Е. Кулагин |g науч. рук. А. Ю. Трифонов | |
| 203 | |a Текст |c электронный | ||
| 300 | |a Заглавие с экрана | ||
| 320 | |a [Библиогр.: с. 45 (5 назв.)] | ||
| 330 | |a The method of constructing spectral series for the nonlocal Gross-Pitaevskii equation is presented. The eigenfunctions concentrated on a curve in phase space and eugenvalues are constructed. The semiclassical quatization condition is obtained for the stationary states. Our approach is based on the WKB-Maslov method and is adopted for the solutions with the complex topology. | ||
| 338 | |b Российский фонд фундаментальных исследований |d 19-41-700004 | ||
| 461 | 1 | |0 (RuTPU)RU\TPU\conf\35054 |t Перспективы развития фундаментальных наук |l Prospects of Fundamental Sciences Development |o сборник научных трудов XVIII Международной конференции студентов, аспирантов и молодых ученых, г. Томск, 27-30 апреля 2021 г. |o в 7 т. |f Национальный исследовательский Томский политехнический университет (ТПУ) ; под ред. И. А. Курзиной, Г. А. Вороновой |d 2021 | |
| 463 | 1 | |0 (RuTPU)RU\TPU\conf\35057 |t Т. 3 : Математика |v [С. 43-45] |d 2021 | |
| 510 | 1 | |a Semiclassical spectral series of the nonlocal Gross-Pitaevskii equation concentrated on a curve |z eng | |
| 610 | 1 | |a электронный ресурс | |
| 610 | 1 | |a труды учёных ТПУ | |
| 610 | 1 | |a уравнения Гросса-Питаевского | |
| 610 | 1 | |a нелокальные уравнения | |
| 610 | 1 | |a линейные уравнения | |
| 610 | 1 | |a спектральные серии | |
| 700 | 1 | |a Кулагин |b А. Е. |c математик |c доцент Томского политехнического университета, кандидат физико-математических наук |f 1992- |g Антон Евгеньевич |y Томск |3 (RuTPU)RU\TPU\pers\32403 |9 16354 | |
| 702 | 1 | |a Трифонов |b А. Ю. |c физик, математик |c профессор Томского политехнического университета, доктор физико-математических наук |f 1963- |g Андрей Юрьевич |4 727 | |
| 712 | 0 | 2 | |a Национальный исследовательский Томский политехнический университет |b Школа базовой инженерной подготовки |b Отделение математики и информатики |3 (RuTPU)RU\TPU\col\23555 |
| 801 | 2 | |a RU |b 63413507 |c 20210902 |g RCR | |
| 856 | 4 | |u http://earchive.tpu.ru/handle/11683/68328 | |
| 942 | |c BK | ||